Biochemical engineering

Saved in:
Bibliographic Details
Main Author: Shuichi Aiba
Format: Book
Language:Undetermined
Published: Tokyo Univ. of Tokyo 1973
Subjects:
Tags: Add Tag
No Tags, Be the first to tag this record!
Institutions: Trung tâm Học liệu Trường Đại học Cần Thơ
LEADER 00466nam a2200181Ia 4500
001 CTU_11421
008 210402s9999 xx 000 0 und d
082 |a 660.63 
082 |b A288 
100 |a Shuichi Aiba 
245 0 |a Biochemical engineering 
245 0 |c Shuichi Aiba 
260 |a Tokyo 
260 |b Univ. of Tokyo 
260 |c 1973 
650 |a chemical engineering 
904 |i Minh, 961022 
980 |a Trung tâm Học liệu Trường Đại học Cần Thơ